[Event "PRO League Group Stage"]
[Site "chess.com INT"]
[Date "2020.02.17"]
[Round "7"]
[White "Bai, Jinshi"]
[Black "Nestorovic, Nikola"]
[Result "1-0"]
[WhiteTitle "GM"]
[BlackTitle "GM"]
[WhiteElo "2618"]
[BlackElo "2466"]
[WhiteTeam "China Pandas"]
[BlackTeam "Croatia Bulldogs"]
[WhiteFideId "8602280"]
[BlackFideId "934526"]
[EventDate "2020.01.06"]

1. d4 Nf6 2. c4 e6 3. g3 Bb4+ 4. Nd2 O-O 5. Bg2 d5 6. Nf3 b6 7. O-O Bb7 8. Ne5
Nbd7 9. Qa4 Bxd2 10. Bxd2 Nxe5 11. dxe5 Ne4 12. Rfd1 Nxd2 13. Rxd2 c6 14. cxd5
exd5 15. e4 Qg5 16. f4 Qe7 17. exd5 cxd5 18. Rad1 Rfd8 19. Bxd5 Qc5+ 20. Qd4 Qe7
21. Qe4 Qc5+ 22. Kg2 Bxd5 23. Rxd5 Rxd5 24. Rxd5 Qc1 25. Qd4 Rf8 26. Rd7 Qe1 27.
Qd3 Qc1 28. Qd2 Qc6+ 29. Kg1 Qe4 30. b3 a5 31. Rd4 Qb1+ 32. Kg2 g6 33. Rc4 Qf5
34. Qd5 Qb1 35. e6 Qb2+ 36. Kh3 Qf6 37. Rc6 Qa1 38. exf7+ Kg7 39. Qe5+ Qxe5 40.
fxe5 Kxf7 41. Rf6+ Ke7 42. Rxf8 Kxf8 43. Kg4 Kf7 44. Kf4 Ke6 45. Ke4 1-0

[Event "PRO League Group Stage"]
[Site "chess.com INT"]
[Date "2020.02.17"]
[Round "7"]
[White "Wen, Yang"]
[Black "Le, Tuan Minh"]
[Result "1-0"]
[WhiteTitle "GM"]
[BlackTitle "IM"]
[WhiteElo "2594"]
[BlackElo "2501"]
[WhiteTeam "China Pandas"]
[BlackTeam "Croatia Bulldogs"]
[WhiteFideId "8602956"]
[BlackFideId "12401153"]
[EventDate "2020.01.06"]

1. e4 c5 2. Nf3 Nf6 3. Nc3 d6 4. d4 cxd4 5. Nxd4 g6 6. g3 Nc6 7. Bg2 Nxd4 8.
Qxd4 Bg7 9. O-O O-O 10. Qd3 Be6 11. Bd2 Rc8 12. b3 Ng4 13. Rac1 Ne5 14. Qe2 Qd7
15. Nd5 Nc6 16. c4 Bh3 17. Bc3 Bxg2 18. Kxg2 Bxc3 19. Rxc3 f6 20. Rd1 Rf7 21. c5
Rcf8 22. Nf4 Ne5 23. cxd6 exd6 24. Nd5 f5 25. Rc7 Qe6 26. exf5 Qe8 27. Rxf7 Qxf7
28. f4 Nc6 29. fxg6 hxg6 30. Qe4 Kg7 31. Re1 Qf5 32. Qc4 Rf7 33. h3 Ne5 34. Qc3
Qd3 35. Qxd3 Nxd3 36. Re8 Nc1 37. g4 Nxa2 38. b4 b5 39. Rc8 a5 40. bxa5 b4 41.
Rc2 b3 42. Rb2 Ra7 43. Rxb3 Rxa5 44. Rb7+ Kf8 45. Nf6 Nc3 46. Kg3 Ne2+ 47. Kf3
Nd4+ 48. Ke4 Ne6 49. Nh7+ Kg8 50. Nf6+ Kf8 51. Rb8+ Kf7 52. Nd5 Ra4+ 53. Rb4
Nc5+ 54. Kd4 Ra3 55. h4 Rh3 56. Rb6 Ne6+ 57. Kc4 Rxh4 58. Rb7+ Kf8 59. Nf6 Nxf4
60. Kd4 Rh1 61. Ke4 Rf1 62. Nh7+ Kg8 63. Nf6+ Kf8 64. Nh7+ Kg8 65. Ng5 d5+ 66.
Ke5 Nd3+ 67. Kd4 Nf4 68. Ke5 Nd3+ 69. Kxd5 Nf4+ 70. Ke5 Nd3+ 71. Kd6 1-0

[Event "PRO League Group Stage"]
[Site "chess.com INT"]
[Date "2020.02.17"]
[Round "7"]
[White "Maghsoodloo, Parham"]
[Black "Nihal, Sarin"]
[Result "1/2-1/2"]
[WhiteTitle "GM"]
[BlackTitle "GM"]
[WhiteElo "2674"]
[BlackElo "2618"]
[WhiteTeam "Armenia Eagles"]
[BlackTeam "India Yogis"]
[WhiteFideId "12539929"]
[BlackFideId "25092340"]
[EventDate "2020.01.06"]

1. d4 Nf6 2. c4 e6 3. Nf3 d5 4. Nc3 c6 5. e3 Nbd7 6. b3 Bb4 7. Bd2 O-O 8. a3 Bd6
9. Be2 Qe7 10. Bc1 b6 11. O-O Bb7 12. Bb2 Rad8 13. Qc2 Rfe8 14. Rfe1 Nf8 15. b4
dxc4 16. e4 Bb8 17. Bxc4 Ng6 18. e5 Nd5 19. Ne4 Nh4 20. Nxh4 Qxh4 21. g3 Qe7 22.
Rad1 h6 23. h4 Bc7 24. Qe2 a5 25. bxa5 b5 26. Bd3 Bxa5 27. Rf1 Bb6 28. Bb1 f5
29. exf6 gxf6 30. Rfe1 Qg7 31. Kh2 Bc7 32. Nc5 Bc8 33. Qh5 f5 34. Bc1 Nf6 35.
Qf3 Nd5 36. Ba2 Kh7 37. Bxd5 Rxd5 38. Nd3 Rxd4 39. Bb2 Rxh4+ 40. Kg2 Qg4 41.
Qxc6 Qh3+ 42. Kf3 Qg4+ 43. Kg2 Re7 44. Bf6 Qh3+ 45. Kf3 Qg4+ 46. Kg2 Qh3+ 47.
Kf3 Qg4+ 48. Kg2 1/2-1/2

[Event "PRO League Group Stage"]
[Site "chess.com INT"]
[Date "2020.02.17"]
[Round "7"]
[White "Martirosyan, Haik M."]
[Black "Gupta, Abhijeet"]
[Result "1-0"]
[WhiteTitle "GM"]
[BlackTitle "GM"]
[WhiteElo "2613"]
[BlackElo "2603"]
[WhiteTeam "Armenia Eagles"]
[BlackTeam "India Yogis"]
[WhiteFideId "13306553"]
[BlackFideId "5010608"]
[EventDate "2020.01.06"]

1. d4 Nf6 2. Nf3 g6 3. Nc3 d5 4. Bf4 Bg7 5. Nb5 Na6 6. e3 c6 7. Nc3 Nc7 8. Be2
Bg4 9. h3 Bxf3 10. Bxf3 O-O 11. h4 Ne6 12. Be5 h5 13. g4 hxg4 14. Bxg4 Nxg4 15.
Qxg4 Bxe5 16. dxe5 d4 17. O-O-O dxc3 18. Rxd8 Rfxd8 19. h5 Nf8 20. e6 cxb2+ 21.
Kxb2 Rd6 22. exf7+ Kxf7 23. hxg6+ Rxg6 24. Qc4+ Kg7 25. Qc3+ Rf6 26. Rg1+ Kf7
27. Qb3+ Ne6 28. Qxb7 Rd8 29. f4 Rf5 30. Qxc6 Rb8+ 31. Ka1 Rc5 32. Qe4 Nf8 33.
Rg7+ 1-0

[Event "PRO League Group Stage"]
[Site "chess.com INT"]
[Date "2020.02.17"]
[Round "7"]
[White "Mamedyarov, Shakhriyar"]
[Black "Sargsyan, Shant"]
[Result "0-1"]
[WhiteTitle "GM"]
[BlackTitle "GM"]
[WhiteElo "2770"]
[BlackElo "2601"]
[WhiteTeam "India Yogis"]
[BlackTeam "Armenia Eagles"]
[WhiteFideId "13401319"]
[BlackFideId "13306766"]
[EventDate "2020.01.06"]

1. d4 Nf6 2. c4 e6 3. Nc3 Bb4 4. Qc2 d5 5. a3 Bxc3+ 6. Qxc3 O-O 7. Bg5 dxc4 8.
Qxc4 b6 9. Rd1 Ba6 10. Qa4 h6 11. Bh4 Qe7 12. Nf3 Rd8 13. g4 c5 14. g5 hxg5 15.
Nxg5 Bb7 16. Rg1 Rxd4 17. Rxd4 cxd4 18. Qxd4 Nbd7 19. e4 Rc8 20. e5 Rc1+ 21. Kd2
Nc5 22. exf6 Nb3+ 23. Ke3 Re1+ 24. Kd3 Qe8 25. Nxf7 Qb5+ 26. Qc4 Be4+ 0-1

[Event "PRO League Group Stage"]
[Site "chess.com INT"]
[Date "2020.02.17"]
[Round "7"]
[White "Ganguly, Surya Shekhar"]
[Black "Sadhwani, Raunak"]
[Result "1/2-1/2"]
[WhiteTitle "GM"]
[BlackTitle "IM"]
[WhiteElo "2636"]
[BlackElo "2522"]
[WhiteTeam "India Yogis"]
[BlackTeam "Armenia Eagles"]
[WhiteFideId "5002150"]
[BlackFideId "35093487"]
[EventDate "2020.01.06"]

1. d4 d5 2. Bf4 Nf6 3. e3 e6 4. Nf3 c5 5. c3 Bd6 6. Bg3 O-O 7. Nbd2 Qc7 8. dxc5
Qxc5 9. Bd3 Qc7 10. Qe2 Nbd7 11. Bh4 Nc5 12. Bxf6 gxf6 13. O-O Nxd3 14. Qxd3 Bd7
15. e4 Bc6 16. exd5 Bxd5 17. c4 Bc6 18. Ne4 Be7 19. Qe3 f5 20. Qh6 fxe4 21. Ng5
Bxg5 22. Qxg5+ Kh8 23. Qf6+ Kg8 24. Qg5+ Kh8 25. Qf6+ Kg8 1/2-1/2

[Event "PRO League Group Stage"]
[Site "chess.com INT"]
[Date "2020.02.17"]
[Round "7"]
[White "Chadaev, Nikolai"]
[Black "Steinberg, Nitzan"]
[Result "1/2-1/2"]
[WhiteTitle "GM"]
[BlackTitle "GM"]
[WhiteElo "2591"]
[BlackElo "2542"]
[WhiteTeam "Russia Wizards"]
[BlackTeam "Israel Counsellors"]
[WhiteFideId "4167392"]
[BlackFideId "2801795"]
[EventDate "2020.01.06"]

1. e4 c5 2. Nf3 d6 3. Bb5+ Bd7 4. Bxd7+ Qxd7 5. c4 Nc6 6. d4 Qg4 7. O-O Nxd4 8.
Nxd4 Qxd1 9. Rxd1 cxd4 10. Rxd4 g6 11. Be3 Bg7 12. Rd2 Rc8 13. Na3 a6 14. Rad1
Nf6 15. f3 O-O 16. b3 Nd7 17. Nc2 b5 18. cxb5 axb5 19. Bd4 Bh6 20. Be3 Bg7 21.
Bd4 Bh6 22. Re2 Ra8 23. Nb4 Rfc8 24. Kf2 Kf8 25. h4 Bc1 26. h5 Ba3 27. hxg6 hxg6
28. Nd3 Nc5 29. Ke3 Ne6 30. Ba1 f6 31. g3 Kg7 32. Rh1 Rh8 33. Reh2 Rxh2 34. Rxh2
Rc8 35. f4 Kg8 36. Bb2 Bc5+ 37. Nxc5 dxc5 38. Rc2 Kf7 39. f5 gxf5 40. exf5 Nd8
41. a4 b4 42. g4 Nb7 43. Bc1 Na5 44. Bd2 Rc6 45. Kf4 Ke8 46. Rb2 Kd7 47. Be3 c4
48. bxc4 Rxc4+ 49. Kf3 Nc6 50. g5 Ne5+ 51. Ke2 fxg5 52. Bxg5 Re4+ 53. Kd1 Nc4
54. Re2 Rxe2 55. Kxe2 b3 56. Kd3 Nb2+ 57. Kc3 Nxa4+ 58. Kxb3 Nc5+ 59. Kc4 Ne4
60. Bxe7 Kxe7 61. f6+ Nxf6 1/2-1/2

[Event "PRO League Group Stage"]
[Site "chess.com INT"]
[Date "2020.02.17"]
[Round "7"]
[White "Savchenko, Boris"]
[Black "Kobo, Ori"]
[Result "1-0"]
[WhiteTitle "GM"]
[BlackTitle "GM"]
[WhiteElo "2573"]
[BlackElo "2445"]
[WhiteTeam "Russia Wizards"]
[BlackTeam "Israel Counsellors"]
[WhiteFideId "4147332"]
[BlackFideId "2812320"]
[EventDate "2020.01.06"]

1. e4 g6 2. d4 Bg7 3. Nc3 d6 4. Be3 a6 5. Bd3 b5 6. Nf3 Bb7 7. a4 b4 8. Nb1 Nf6
9. Nbd2 a5 10. O-O O-O 11. c3 Nbd7 12. Re1 bxc3 13. bxc3 Nb6 14. Qe2 e6 15. Ng5
Qc8 16. f4 Ba6 17. c4 Nfd7 18. e5 c5 19. Nde4 Nxc4 20. Bxc4 Bxc4 21. Qxc4 d5 22.
Qa2 dxe4 23. d5 exd5 24. Qxd5 Nb6 25. Qxe4 h6 26. Nf3 Rd8 27. Rec1 Bf8 28. Rab1
Nd5 29. Bd2 Nb4 30. Qc4 Qd7 31. Be3 Qd5 32. Nd2 Rab8 33. Qxd5 Nxd5 34. Rxb8 Rxb8
35. Kf2 Rb2 36. Kf3 Ra2 37. h4 Rxa4 38. g3 Ra3 39. Nc4 Rb3 40. Ke4 Nxe3 41. Nxe3
a4 42. g4 a3 43. Nc4 Rh3 44. h5 gxh5 45. gxh5 Rxh5 46. Rg1+ Kh7 47. Nxa3 Rh2 48.
Nc4 h5 49. Kf5 Rf2 50. Nb6 Bg7 51. Rh1 Kh6 52. Nc4 Ra2 53. Ne3 Ra4 54. Ng4+ Kh7
55. Rxh5+ Kg8 56. Rh1 c4 57. Rd1 Ra8 58. Ne3 c3 59. Nd5 c2 60. Rc1 Ra2 61. Nb4
Ra4 62. Nd5 Rc4 63. Ne3 Rc3 64. Ke4 Bh6 65. Rxc2 Rxc2 66. Nxc2 Kf8 67. Nd4 Ke8
68. Nf5 Bf8 69. Nd6+ Ke7 70. Kd5 f6 71. e6 Kd8 72. Kc6 Bh6 73. Nf7+ Ke7 74. Nxh6
Kxe6 75. f5+ Ke5 76. Kd7 Kf4 77. Ke6 Kg5 78. Nf7+ 1-0

[Event "PRO League Group Stage"]
[Site "chess.com INT"]
[Date "2020.02.17"]
[Round "7"]
[White "Movsesian, Sergei"]
[Black "Demidov, Mikhail"]
[Result "0-1"]
[WhiteTitle "GM"]
[BlackTitle "IM"]
[WhiteElo "2641"]
[BlackElo "2552"]
[WhiteTeam "Israel Counsellors"]
[BlackTeam "Russia Wizards"]
[WhiteFideId "310204"]
[BlackFideId "4197143"]
[EventDate "2020.01.06"]

1. e4 g6 2. d4 Bg7 3. Nc3 a6 4. Be3 b5 5. Qd2 Bb7 6. f3 d6 7. h4 h5 8. Nh3 Nd7
9. Ng5 Ngf6 10. a4 b4 11. Nd1 a5 12. Nf2 e6 13. c3 bxc3 14. bxc3 Qc8 15. Be2 Ba6
16. O-O Bxe2 17. Qxe2 Qa6 18. c4 O-O 19. Qc2 Rfb8 20. Rfc1 c5 21. d5 exd5 22.
exd5 Ne5 23. Bd2 Rb7 24. Ra2 Rab8 25. Kh2 Rb3 26. Qd1 Nh7 27. Nxh7 Kxh7 28. Ne4
Nd3 29. Rcc2 Nb4 30. Bxb4 axb4 31. f4 Ra3 32. Rxa3 bxa3 33. Qe2 Kg8 34. Ng5 Qxa4
35. Ra2 Re8 36. Rxa3 Qd7 37. Re3 Rxe3 38. Qxe3 Bf6 39. g3 Kg7 40. Ne4 Bd4 41.
Qe2 Qc7 42. Ng5 Qa7 43. Ne4 Qb6 44. Kg2 Kf8 45. Ng5 Qb1 46. Nf3 Bf6 47. Ng5 Bd4
48. Nf3 Qc1 49. Qd3 Qb2+ 50. Kh3 Qf2 51. Ng5 Qe1 52. Qf3 f5 53. Ne6+ Ke7 54. Ng5
Kd7 55. Kg2 Qg1+ 56. Kh3 Kc7 57. Qg2 Qc1 58. Qa2 Qf1+ 59. Qg2 Qxc4 60. Ne6+ Kb6
61. Qf3 Qa2 62. Qd1 Be3 63. Qf1 c4 64. Qd1 Bc5 65. Ng5 c3 66. Nf3 c2 67. Qd2 Ba3
68. Qd4+ Bc5 69. Qh8 c1=Q 70. Qb8+ Ka6 71. Qc8+ Kb5 72. Qc6+ Kc4 0-1

[Event "PRO League Group Stage"]
[Site "chess.com INT"]
[Date "2020.02.17"]
[Round "7"]
[White "Erenburg, Sergey"]
[Black "Anisimov, Pavel2"]
[Result "1/2-1/2"]
[WhiteTitle "GM"]
[BlackTitle "GM"]
[WhiteElo "2559"]
[BlackElo "2527"]
[WhiteTeam "Israel Counsellors"]
[BlackTeam "Russia Wizards"]
[WhiteFideId "2805642"]
[BlackFideId "4135229"]
[EventDate "2020.01.06"]

1. e4 e6 2. d4 d5 3. Nd2 dxe4 4. Nxe4 Nd7 5. Bd3 Ngf6 6. Qe2 c5 7. Nf3 Nxe4 8.
Bxe4 Nf6 9. O-O Nxe4 10. Qxe4 cxd4 11. Nxd4 Be7 12. Rd1 O-O 13. Bf4 Qb6 14. a4
a6 15. Be5 f6 16. a5 Qc5 17. Bg3 e5 18. Nf5 Bxf5 19. Qxf5 Rfd8 20. h4 Qc6 21. h5
Rxd1+ 22. Rxd1 Rd8 23. Rd3 Rxd3 24. Qxd3 h6 25. f3 Kf8 26. Bf2 Qa4 27. Bb6 Qa1+
28. Kh2 Qxb2 29. Qe4 Bd6 30. Qxb7 e4+ 31. Kh3 Qe5 32. Qc8+ Kf7 33. Qc4+ Kf8 34.
Qc8+ Kf7 35. Qc4+ Kf8 36. Qc8+ 1/2-1/2

[Event "PRO League Group Stage"]
[Site "chess.com INT"]
[Date "2020.02.17"]
[Round "7"]
[White "Gledura, Benjamin"]
[Black "Dastan, Muhammed Batuhan"]
[Result "1-0"]
[WhiteTitle "GM"]
[BlackTitle "GM"]
[WhiteElo "2626"]
[BlackElo "2572"]
[WhiteTeam "Hungary Hunters"]
[BlackTeam "Turkey Knights"]
[WhiteFideId "712779"]
[BlackFideId "6300014"]
[EventDate "2020.01.06"]

1. d4 d5 2. c4 dxc4 3. e4 Nf6 4. e5 Nd5 5. Bxc4 Nb6 6. Bb3 Nc6 7. Ne2 Bg4 8. f3
Bf5 9. Nbc3 e6 10. O-O Qd7 11. Be3 O-O-O 12. a4 Na5 13. Bc2 Bxc2 14. Qxc2 Kb8
15. Bf2 f5 16. Nf4 g5 17. Nd3 Nc6 18. Rfd1 Nxd4 19. Bxd4 1-0

[Event "PRO League Group Stage"]
[Site "chess.com INT"]
[Date "2020.02.17"]
[Round "7"]
[White "Banusz, Tamas"]
[Black "Gokerkan, Cem Kaan"]
[Result "1-0"]
[WhiteTitle "GM"]
[BlackTitle "IM"]
[WhiteElo "2620"]
[BlackElo "2458"]
[WhiteTeam "Hungary Hunters"]
[BlackTeam "Turkey Knights"]
[WhiteFideId "722413"]
[BlackFideId "6336760"]
[EventDate "2020.01.06"]

1. d4 Nf6 2. c4 g6 3. g3 Bg7 4. Bg2 O-O 5. Nc3 d6 6. Nf3 Nbd7 7. O-O e5 8. e4
exd4 9. Nxd4 Re8 10. f3 a6 11. Be3 Rb8 12. b3 Ne5 13. Qd2 c5 14. Nde2 b5 15.
cxb5 axb5 16. Rad1 b4 17. Na4 Ba6 18. Qc2 Qe7 19. Rfe1 Rec8 20. Nf4 c4 21. Nb6
Rc6 22. Nbd5 Nxd5 23. Nxd5 Qd7 24. Bd4 cxb3 25. Qxb3 Bc4 26. Qa4 Bxd5 27. Bxe5
Bxe5 28. Rxd5 Rc7 29. Qxd7 Rxd7 30. Bf1 Rc7 31. Re2 Rb6 32. f4 Bc3 33. Kg2 Ra7
34. Rc2 Kg7 35. Bc4 Rc7 36. Bb3 Rc5 37. Rd3 Rbc6 38. Rc1 Kf6 39. Rcd1 Ke7 40. e5
d5 41. Bxd5 Rc7 42. Bb3 h5 43. Rd6 R5c6 44. h3 g5 45. Kf3 h4 46. gxh4 gxf4 47.
R1d5 Rc5 48. Kxf4 Rxd5 49. Rxd5 Rc8 50. Rb5 Rc7 51. Kf5 Bd2 52. Rb6 Kf8 53. h5
Kg7 54. h6+ Bxh6 55. Rxb4 Re7 56. Rg4+ Kf8 57. e6 fxe6+ 58. Bxe6 Rg7 59. Rc4 Ke7
60. h4 Rg1 61. Rc7+ Kd6 62. Rd7+ Kc6 63. Rd3 Rf1+ 64. Kg6 Bc1 65. Rg3 Kc5 66. h5
Bb2 67. Bf5 Rd1 68. Re3 Rd6+ 69. Be6 Bd4 70. Re2 Rb6 71. h6 Rb1 72. Rg2 Rh1 73.
h7 Kd6 74. Bb3 Be5 75. Bc2 Rh4 76. Kf7 Rf4+ 77. Kg6 Rf6+ 78. Kg5 Rf1 79. Bf5 Rh1
80. Rd2+ Kc5 81. Be4 Rg1+ 82. Kf5 Ba1 83. Rd8 Rf1+ 84. Kg4 Re1 85. Kf3 Rf1+ 86.
Ke2 Rf4 87. Kd3 Rh4 88. Rc8+ Kb4 89. Rb8+ Ka3 90. Ra8+ Kb4 91. a3+ Kc5 92. Bf5
Rd4+ 93. Ke2 Rf4 94. Bd3 Rh4 95. a4 Rh2+ 96. Kf1 Kb4 97. a5 Bd4 98. a6 Kc3 99.
Be4 Kd2 100. Rf8 Ke3 101. Bg6 Kd2 102. Rf4 Ke3 103. Rxd4 Kxd4 104. a7 Rh1+ 105.
Kg2 Ra1 106. h8=Q+ 1-0

[Event "PRO League Group Stage"]
[Site "chess.com INT"]
[Date "2020.02.17"]
[Round "7"]
[White "Yilmaz, Mustafa"]
[Black "Erdos, Viktor"]
[Result "1/2-1/2"]
[WhiteTitle "GM"]
[BlackTitle "GM"]
[WhiteElo "2607"]
[BlackElo "2621"]
[WhiteTeam "Turkey Knights"]
[BlackTeam "Hungary Hunters"]
[WhiteFideId "6302718"]
[BlackFideId "719978"]
[EventDate "2020.01.06"]

1. e4 e5 2. Bc4 Nc6 3. Nf3 Bc5 4. d3 Nf6 5. a4 a5 6. O-O O-O 7. Nbd2 d6 8. c3
Be6 9. Bb5 Bd7 10. h3 Ne7 11. Bc4 Ng6 12. Re1 c6 13. d4 exd4 14. cxd4 Bb4 15.
Qb3 d5 16. exd5 cxd5 17. Bxd5 Nxd5 18. Qxd5 Bc6 19. Qxd8 Raxd8 20. Re3 Nf4 21.
Kf1 b5 22. b3 bxa4 23. bxa4 Rfe8 24. Nb3 Ne6 25. Bb2 Bd5 26. Nbd2 f6 27. Bc3 Rb8
28. Bxb4 Rxb4 29. Ne4 Rd8 30. Kg1 Bxe4 31. Rxe4 Nxd4 32. Nxd4 Rdxd4 33. Re8+ Kf7
34. Ra8 Rxa4 35. Rxa5 Rxa1+ 36. Rxa1 1/2-1/2

[Event "PRO League Group Stage"]
[Site "chess.com INT"]
[Date "2020.02.17"]
[Round "7"]
[White "Can, Emre"]
[Black "Markus, Robert"]
[Result "0-1"]
[WhiteTitle "GM"]
[BlackTitle "GM"]
[WhiteElo "2600"]
[BlackElo "2599"]
[WhiteTeam "Turkey Knights"]
[BlackTeam "Hungary Hunters"]
[WhiteFideId "6302181"]
[BlackFideId "921637"]
[EventDate "2020.01.06"]

1. e4 d6 2. d4 Nf6 3. Nc3 e5 4. Nf3 Nbd7 5. Bc4 Be7 6. a4 O-O 7. O-O c6 8. Ba2
h6 9. Qe2 exd4 10. Nxd4 Re8 11. Bf4 Bf8 12. Rfe1 Ne5 13. Rad1 Qc7 14. h3 a6 15.
Bg3 b5 16. f4 Ng6 17. Qf3 b4 18. Nb1 c5 19. Nf5 c4 20. Nd2 d5 21. e5 Bxf5 22.
exf6 Rxe1+ 23. Rxe1 Rd8 24. c3 Qb6+ 25. Bf2 Qxf6 26. Bd4 Qh4 27. Rf1 Ne7 28.
cxb4 Bd3 29. Rd1 Nc6 30. Bb6 Rb8 31. Nxc4 Nxb4 32. Bf2 Qf6 33. Ne5 Be4 34. Qg3
Nxa2 35. Nd7 Qd8 36. Nxb8 Qxb8 37. Bd4 Nb4 38. Qc3 Nc2 39. Be5 Qb6+ 40. Kh2 Qf2
41. Rd2 Qc5 42. Bxg7 Qxc3 43. Bxc3 Bc5 44. Kg3 f5 45. Kh4 Be3 46. Rd1 Bxf4 47.
g4 Bg5+ 48. Kg3 f4+ 49. Kf2 Bh4+ 50. Ke2 f3+ 51. Kd2 Bg5# 0-1

[Event "PRO League Group Stage"]
[Site "chess.com INT"]
[Date "2020.02.17"]
[Round "7"]
[White "Ding, Liren"]
[Black "Plenca, Jadranko"]
[Result "1-0"]
[WhiteTitle "GM"]
[BlackTitle "IM"]
[WhiteElo "2805"]
[BlackElo "2463"]
[WhiteTeam "China Pandas"]
[BlackTeam "Croatia Bulldogs"]
[WhiteFideId "8603677"]
[BlackFideId "14527146"]
[EventDate "2020.01.06"]

1. e4 e5 2. Nf3 Nc6 3. Bc4 Bc5 4. O-O Nf6 5. d3 O-O 6. c3 d5 7. exd5 Nxd5 8. a4
Bg4 9. h3 Bh5 10. a5 a6 11. Nbd2 b5 12. axb6 Nxb6 13. Bb3 a5 14. Ne4 Be7 15. Re1
Bg6 16. Be3 Kh8 17. Bxb6 cxb6 18. Ba4 b5 19. Bxb5 Na7 20. Bc4 Qc7 21. Qa4 Nc8
22. Qb5 f6 23. Bd5 Ra7 24. d4 Nb6 25. dxe5 Be8 26. Qd3 fxe5 27. Neg5 e4 28. Bxe4
Bc5 29. Ne6 1-0

[Event "PRO League Group Stage"]
[Site "chess.com INT"]
[Date "2020.02.17"]
[Round "7"]
[White "Le, Tuan Minh"]
[Black "Bai, Jinshi"]
[Result "1/2-1/2"]
[WhiteTitle "IM"]
[BlackTitle "GM"]
[WhiteElo "2501"]
[BlackElo "2618"]
[WhiteTeam "Croatia Bulldogs"]
[BlackTeam "China Pandas"]
[WhiteFideId "12401153"]
[BlackFideId "8602280"]
[EventDate "2020.01.06"]

1. d4 Nf6 2. Nf3 g6 3. Bg5 Bg7 4. Nbd2 O-O 5. c3 d5 6. e3 Nbd7 7. Bd3 Re8 8. O-O
e5 9. e4 exd4 10. cxd4 h6 11. Bxf6 Nxf6 12. e5 Nh5 13. Re1 Nf4 14. Bf1 a5 15.
Rc1 c6 16. Nb3 Qb6 17. Qd2 Ne6 18. Nc5 Nxc5 19. Rxc5 Bg4 20. Rc3 Rac8 21. h3
Bxf3 22. Rxf3 a4 23. Rd3 c5 24. dxc5 Rxc5 25. Rxd5 Rxe5 26. Rexe5 Bxe5 27. Qe3
Bh2+ 28. Kh1 Bd6 29. b4 Rc6 30. Qxb6 Rxb6 31. a3 Rc6 32. g3 Bc7 33. Rd3 Rc2 34.
Rf3 Bb6 35. Kg2 Bd4 36. Bb5 Rc3 37. Rxc3 Bxc3 38. Bxa4 Bb2 39. Bb3 Bxa3 40. b5
b6 1/2-1/2

[Event "PRO League Group Stage"]
[Site "chess.com INT"]
[Date "2020.02.17"]
[Round "7"]
[White "Nestorovic, Nikola"]
[Black "Wen, Yang"]
[Result "0-1"]
[WhiteTitle "GM"]
[BlackTitle "GM"]
[WhiteElo "2466"]
[BlackElo "2594"]
[WhiteTeam "Croatia Bulldogs"]
[BlackTeam "China Pandas"]
[WhiteFideId "934526"]
[BlackFideId "8602956"]
[EventDate "2020.01.06"]

1. e4 e5 2. Nf3 Nc6 3. Bc4 Bc5 4. d3 Nf6 5. a4 d6 6. c3 a5 7. Bg5 h6 8. Bh4 Be6
9. Nbd2 Qe7 10. O-O O-O 11. Bb5 g5 12. Bg3 Nh5 13. Bxc6 bxc6 14. Nxe5 Nxg3 15.
Nxc6 Qd7 16. hxg3 Bg4 17. Qb1 Qxc6 18. d4 Bb6 19. f4 Rae8 20. Qd3 f5 21. Rae1
fxe4 22. Nxe4 Bf5 23. fxg5 Rxe4 24. Qd1 Rxe1 25. Rxe1 hxg5 26. Qh5 Qd7 27. g4
Bxg4 28. Qxg5+ Qg7 29. Qd5+ Kh8 30. Re3 Qf6 31. Rg3 Qh4 32. Rd3 Qf2+ 33. Kh2 Rf5
34. Qa8+ Kg7 0-1

[Event "PRO League Group Stage"]
[Site "chess.com INT"]
[Date "2020.02.17"]
[Round "7"]
[White "Ganguly, Surya Shekhar"]
[Black "Maghsoodloo, Parham"]
[Result "1-0"]
[WhiteTitle "GM"]
[BlackTitle "GM"]
[WhiteElo "2636"]
[BlackElo "2674"]
[WhiteTeam "India Yogis"]
[BlackTeam "Armenia Eagles"]
[WhiteFideId "5002150"]
[BlackFideId "12539929"]
[EventDate "2020.01.06"]

1. c4 e6 2. Nc3 d5 3. d4 Bb4 4. e3 Nf6 5. Bd2 O-O 6. Nf3 Nbd7 7. Rc1 Be7 8. Bd3
c6 9. O-O a5 10. Qe2 dxc4 11. Bxc4 b5 12. Bd3 Qb6 13. e4 Ba6 14. e5 Nd5 15. Bg5
Nxc3 16. Rxc3 Bb4 17. Qe4 g6 18. Bf6 Nxf6 19. exf6 Qd8 20. Qh4 Bxc3 21. bxc3 b4
22. c4 c5 23. Ne5 Rc8 24. Re1 cxd4 25. Nd7 Kh8 26. Qh6 Rg8 27. Re5 Rxc4 28.
Qxh7+ 1-0

[Event "PRO League Group Stage"]
[Site "chess.com INT"]
[Date "2020.02.17"]
[Round "7"]
[White "Mamedyarov, Shakhriyar"]
[Black "Martirosyan, Haik M."]
[Result "1/2-1/2"]
[WhiteTitle "GM"]
[BlackTitle "GM"]
[WhiteElo "2770"]
[BlackElo "2613"]
[WhiteTeam "India Yogis"]
[BlackTeam "Armenia Eagles"]
[WhiteFideId "13401319"]
[BlackFideId "13306553"]
[EventDate "2020.01.06"]

1. d4 Nf6 2. c4 e6 3. Nf3 d5 4. Nc3 Be7 5. Bg5 h6 6. Bxf6 Bxf6 7. Qc2 c5 8.
O-O-O cxd4 9. Nxd4 Nc6 10. Nf3 O-O 11. e3 Qa5 12. Kb1 Bd7 13. a3 Rac8 14. h4 Ne7
15. Nd2 Bxc3 16. Qxc3 Qxc3 17. bxc3 b5 18. cxb5 Rxc3 19. Rc1 Rxc1+ 20. Kxc1 Rc8+
21. Kb2 Rb8 22. a4 a6 23. Nb3 axb5 24. a5 Nc6 25. Be2 Ne5 26. Ra1 Nc4+ 27. Kc3
b4+ 28. Kd4 Rc8 29. f4 Nd6 30. g4 Bb5 31. Nc1 b3 32. Rb1 Rxc1 33. Rxc1 Bxe2 34.
Kc3 Bc4 35. Kb2 Nb7 36. Rxc4 dxc4 37. a6 c3+ 38. Kxc3 Nd6 39. Kxb3 Nc8 40. Kb4
Kf8 41. Kc5 Ke7 42. Kc6 Kd8 43. g5 h5 44. e4 f6 45. gxf6 gxf6 46. e5 f5 47. Kb7
Kd7 48. Kb8 Ne7 49. Kb7 Nd5 50. a7 Nc7 51. Kb6 Na8+ 52. Kb7 Nc7 53. Kb6 Na8+ 54.
Kb7 Nc7 1/2-1/2

[Event "PRO League Group Stage"]
[Site "chess.com INT"]
[Date "2020.02.17"]
[Round "7"]
[White "Sargsyan, Shant"]
[Black "Gupta, Abhijeet"]
[Result "0-1"]
[WhiteTitle "GM"]
[BlackTitle "GM"]
[WhiteElo "2601"]
[BlackElo "2603"]
[WhiteTeam "Armenia Eagles"]
[BlackTeam "India Yogis"]
[WhiteFideId "13306766"]
[BlackFideId "5010608"]
[EventDate "2020.01.06"]

1. Nf3 Nf6 2. c4 g6 3. Nc3 Bg7 4. e4 e5 5. Nxe5 O-O 6. Nf3 Re8 7. d3 d5 8. cxd5
Nxd5 9. Bd2 Bg4 10. Be2 Bxf3 11. gxf3 Nb4 12. Be3 N8c6 13. a3 Na6 14. Rc1 Nd4
15. b4 c6 16. h4 Nc7 17. h5 a5 18. hxg6 hxg6 19. bxa5 Nce6 20. f4 Qxa5 21. Kf1
Nc5 22. e5 Ncb3 23. Bxd4 Nxd4 24. Ne4 Qxa3 25. Kg2 Rad8 26. Bg4 Nb5 27. Rh3 Rd4
28. Ra1 Qe7 29. Qf3 Red8 30. Rd1 Nc7 31. f5 Qxe5 32. f6 Nd5 33. fxg7 Nf4+ 34.
Kf1 Nxh3 35. Qxh3 Kxg7 36. Be2 c5 37. Nd2 Rh8 38. Qg2 Rdh4 39. Bf3 Rh2 40. Qg1
Qf4 41. Qg3 Qxg3 42. fxg3 b5 43. Ne4 Rc2 44. d4 cxd4 45. Rxd4 Ra8 46. Nd2 Ra3
47. Ke2 Rc5 48. g4 Ra4 49. Rd7 Re5+ 50. Kd1 Ra1+ 51. Kc2 Ra2+ 52. Kb3 Ra4 53.
Bd5 Re3+ 54. Kc2 Rf4 55. g5 Rf2 56. Bb3 b4 57. Rb7 Rc3+ 58. Kd1 Rd3 59. Bxf7
Rfxd2+ 60. Kc1 Rd7 61. Rxb4 Kxf7 0-1